History of Liverpool FC Managers - Statistics

General Stats
  • This quiz has been taken 1,095 times
    250 since last reset
  • The average score is 10 of 24
Answer Stats
From/To Win Percentage Answer % Correct
Oct 2015 - Jun 2024 78.13 Jurgen Klopp
99%
Jun 2024 - Arne Slot
94%
Jun 2004 - Jun 2010 56.29 Rafael Benítez
86%
Jun 2012 - Oct 2015 52.53 Brendan Rodgers
78%
May 1985 - Feb 1991 60.91 Kenny Dalglish
78%
Jan 2011 - May 2012 47.30 Kenny Dalglish
78%
Aug 1974 - Jul 1983 65.40 Bob Paisley
68%
Dec 1959 - Jul 1974 51.98 Bill Shankly
66%
Jul 2010 - Jan 2011 41.94 Roy Hodgson
62%
Jul 1998 - May 2004 52.12 Gérard Houllier
54%
Apr 1991 - Jan 1994 42.04 Graeme Souness
46%
Jan 1994 - Nov 1998 51.77 Roy Evans
33%
Jul 1983 - May 1985 54.20 Joe Fagan
31%
Feb 1991 - Apr 1991 40.00 Ronnie Moran
17%
May 1956 - Nov 1959 50.67 Phil Taylor
10%
Feb 1892 - Aug 1896 60.63 John McKenna
8%
Feb 1892 - Aug 1896 60.63 William Edward Barclay
8%
Aug 1936 - Jan 1951 39.78 George Kay
7%
Aug 1896 - May 1915 44.34 Tom Watson
7%
Mar 1951 - May 1956 34.91 Don Welsh
6%
Dec 1919 - Feb 1923 50.36 David Ashworth
5%
Jun 1915 - Dec 1919 38.89 George Patterson
5%
Mar 1928 - Aug 1936 37.43 George Patterson
5%
Feb 1923 - Feb 1928 40.61 Matt McQueen
5%
No matching quizzes found
Score Distribution
Percent of People with Each Score
Percentile by Number Answered
Your Score History
You have not taken this quiz since the last reset